Người tình của Makxim Gorky

Đã lưu trong:
書目詳細資料
主要作者: Berberova, N.
格式: 圖書
語言:Undetermined
出版: Hà Nội Khoa học - Xã hội 2005
主題:
標簽: 添加標簽
沒有標簽, 成為第一個標記此記錄!
Thư viện lưu trữ: Trung tâm Học liệu Trường Đại học Cần Thơ
LEADER 00613nam a2200205Ia 4500
001 CTU_93986
008 210402s9999 xx 000 0 und d
020 |c 62000 
082 |a 891.73 
082 |b B482 
100 |a Berberova, N. 
245 0 |a Người tình của Makxim Gorky 
245 0 |c N. Berberove ; Trần Văn Cơ, Lê Khánh Trường biên dịch 
260 |a Hà Nội 
260 |b Khoa học - Xã hội 
260 |c 2005 
650 |a Russian fiction (Vietnamese) 
650 |z 20th century 
904 |i Minh 
980 |a Trung tâm Học liệu Trường Đại học Cần Thơ